[Event "Titled Tuesday intern op 08th Mar Late"]
[Site "Chess.com INT"]
[Date "2022.03.08"]
[Round "11"]
[White "Galego, Luis"]
[Black "Shuvalova, Polina"]
[Result "1-0"]
[WhiteElo "2474"]
[BlackElo "2504"]
[PlyCount "91"]
[EventDate "2022.03.08"]
[EventType "swiss (blitz)"]
[EventRounds "11"]
[EventCountry "USA"]
[SourceTitle "CBM 207 Extra"]
[Source "ChessBase"]
[SourceDate "2022.05.31"]
[SourceVersion "1"]
[SourceVersionDate "2022.05.31"]
[SourceQuality "1"]

1. e4 c5 2. c3 Nf6 3. d3 Nc6 4. f4 d6 5. Be2 g6 6. Nf3 Bg7 7. 0-0 0-0 8. h3 c4 9. Be3 cxd3 10. Qxd3 Nd7 11. Nbd2 Nc5 12. Qc2 Bd7 13. Rad1 Qc7 14. Nb3 b6 15. Nbd4 Qb7 16. Nd2 Rac8 17. Qb1 Rfd8 18. Bf3 Qb8 19. Rfe1 Ne6 20. N2b3 Nc5 21. Bf2 Na5 22. Bh4 Re8 23. Bg3 Nc4 24. Nd2 b5 25. Nxc4 bxc4 26. b4 cxb3 27. axb3 a5 28. e5 Qb6 29. exd6 Nxb3 30. dxe7 Rxc3 31. Bf2 Qb4 32. Nxb3 Rxb3 33. Qe4 Qxe4 34. Rxe4 Bc6 35. Rd8 Bf6 36. Red4 Kg7 37. Bxc6 Rxe7 38. R8d7 Rb1+ 39. Kh2 Bxd4 40. Rxe7 Bxf2 41. Bd5 Bd4 42. Rxf7+ Kh6 43. g4 Rb2+ 44. Bg2 Be3 45. g5+ Kh5 46. Rxh7# 1-0

[Event "Figueira da Foz op 15th"]
[Site "Figueira da Foz"]
[Date "2021.11.06"]
[Round "8"]
[White "Kuegel, Tobias"]
[Black "Galego, Luis"]
[Result "1-0"]
[WhiteElo "2244"]
[BlackElo "2485"]
[PlyCount "57"]
[EventDate "2021.10.31"]
[EventType "swiss"]
[EventRounds "9"]
[EventCountry "POR"]
[SourceTitle "CBM 205 Extra"]
[Source "ChessBase"]
[SourceDate "2022.01.31"]
[SourceVersion "1"]
[SourceVersionDate "2022.01.31"]
[SourceQuality "1"]

1. e4 d5 2. exd5 Qxd5 3. Nc3 Qd6 4. d4 Nf6 5. Nf3 a6 6. g3 Bg4 7. Bg2 e6 8. h3 Bxf3 9. Qxf3 Nc6 10. Be3 0-0-0 11. 0-0 Qd7 12. a4 Nd5 13. Nxd5 exd5 14. Rfc1 Na5 15. b3 f6 16. Bd2 Nc6 17. c3 Kb8 18. b4 Ne7 19. b5 a5 20. c4 Nf5 21. c5 Nxd4 22. Qd3 Ne6 23. c6 Qf7 24. cxb7 Nc5 25. Qc3 Nxb7 26. Be3 Bb4 27. Qd4 Kc8 28. Qa7 Nd6 29. Bxd5 1-0